000 00685nam a2200205 a 4500
001 BRCA_1170
005 20190320203319.0
008 970619s1997 mx-a---##b---#000-0#spa-#
020 _a9685234140
040 _aDLC
_cDLC
_dDLC
050 4 _aF1231
_b.J63 1997
100 1 _aJiménez Codinach, Estela Guadalupe
_92332
245 1 0 _aMéxico
_bsu tiempo de nacer, 1750-1821
_cGuadalupe Jiménez Codinach
260 _aMéxico
_bFomento Cultural Banamex
_c1997
300 _a309 p.
_bil.
_c33 cm.
504 _aBibliografía : p. 293-299
651 4 _aMéxico
_xHistoria
_yColonia española, 1540-1810
_9394
651 4 _aMéxico
_xHistoria
_yColonia española, 1540-1810
_9394
942 _2lcc
_cB
999 _c1047
_d1047